Fronteras de China - ¡Muerte súbita! - Estadísticas

Estadísticas generales
  • Esta prueba ha sido intentada 6.533 veces
  • La puntuación promedio es 7 de 14
Answers on the Grid
Answers color-coded by a green-red scale on the quiz's grid according to % correct below.
Kazajistán
Taiwán
Japón
Corea del Norte
Corea del Sur
Rusia
India
Indonesia
Mongolia
Filipinas
Uzbekistán
Tayikistán
Tailandia
Nepal
Malasia
Bután
Kirguistán
Irán
Turkmenistán
Pakistán
Bangladés
Laos
Camboya
Afganistán
Myanmar
Turquía
Sri Lanka
Vietnam
 
Estadísticas de respuestas
Respuesta % Correcto
Rusia
75%
Corea del Norte
74%
Mongolia
74%
India
66%
Kazajistán
58%
Nepal
55%
Bután
45%
Vietnam
40%
Kirguistán
29%
Laos
29%
Myanmar
29%
Pakistán
29%
Tayikistán
29%
Afganistán
24%
No se encontraron pruebas coincidentes
Distribución de puntuación
Porcentaje de gente con cada puntuación
Porcentaje por número respondido
Historial de tus puntuaciones
No has intentado esta prueba.